• 首页
  • 本馆介绍
  • 公告通知
  • 最新文献
  • 馆藏检索
  • 电子资源
  • 读者导购
  • 参考咨询
  • 我的图书馆
  • 登录
  • 详细信息显示
  • 放入我的书架
  • 预约/预借图书
  • 作者相关作品
  • 分类相关作品
  • 丛书相关作品
  • 出版社相关作品

书目信息

  • 表格格式
  • 工作单格式
  • 卡片格式
题名:
茶经译注(外三种)
    
 
作者: 陆羽 著 ;宋一明 译注
分册:  
出版信息: 上海   上海古籍出版社  2016
页数: 10,181页
开本: 21cm
丛书名: 中国古代名著全本译注丛书
单 册:
中图分类: S571.1 , TS971.21
科图分类:
主题词: 茶文化--cha wen hua--中国--古代
电子资源:
ISBN: 978-7-5325-7806-1
000 01092nam0 22003011 450
001 0102164914
005 20170502164914.0
010    @a978-7-5325-7806-1@b精装@dCNY22.00
100    @a20160531d2016 em y0chiy50 ea
101 0  @achi
102    @aCN@b310000
105    @ay z 000yy
106    @ar
200 1  @a茶经译注(外三种)@9cha jing yi zhu (wai san zhong )@f(唐)陆羽等著@g宋一明译注
210    @a上海@c上海古籍出版社@d2016
215    @a10,181页@d21cm
225 2  @a中国古代名著全本译注丛书@9zhong guo gu dai ming zhu quan ben yi zhu cong shu
330    @a本书以陶氏影宋《百川学海》本《茶经》为底本,校以《中华再造善本》影印宋《百川学海》本、明华珵刻《百川学海》本、文渊阁《四库全书》本等。
461  0 @12001 @a中国古代名著全本译注丛书
605    @a《茶经》@Acha jing@x注释
605    @a《茶经》@Acha jing@x译文
606 0  @a茶文化@9cha wen hua@y中国@z古代
690    @aS571.1@v5
690    @aTS971.21@v5
701  0 @c(唐)@a陆羽@9lu yu@f(733~804)@4著
702  0 @a宋一明@9song yi ming@4译注
801  0 @aCN@b百万庄@c20170308
905    @b1002712-7@dS571.1@e71@f6
    
    茶经译注(外三种)/(唐)陆羽等著/宋一明译注.-上海:上海古籍出版社,2016
    10,181页;21cm.-(中国古代名著全本译注丛书)
    
    
    ISBN 978-7-5325-7806-1(精装):CNY22.00
    本书以陶氏影宋《百川学海》本《茶经》为底本,校以《中华再造善本》影印宋《百川学海》本、明华珵刻《百川学海》本、文渊阁《四库全书》本等。
●
相关链接 在E读中查询图书 在五车中查询图书 在当当中查询图书 在豆瓣中查询图书


正题名:茶经译注(外三种)     索取号:S571.1/71         预约/预借

序号 登录号 条形码 馆藏地/架位号 状态 备注
1 1002712   210027120   第二样本阅览室/ [索取号:S571.1/71] 在馆    
2 1002713   210027139   教育系资料室/ [索取号:S571.1/71] 在馆    
3 1002714   210027148   教育系资料室/ [索取号:S571.1/71] 在馆    
4 1002715   210027157   教育系资料室/ [索取号:S571.1/71] 在馆    
5 1002716   210027166   第三借阅区/ [索取号:S571.1/71] 在馆    
6 1002717   210027175   第三借阅区/ [索取号:S571.1/71] 在馆    
唐山师范学院图书馆 欢迎您!
大连网信软件有限公司© 版权所有